北大西洋条約機構(NATO)の加盟国 - Statistics

General Stats
  • This quiz has been taken 281 times
  • The average score is 28 of 32
Answer Stats
国名 加盟年 % Correct
フランス 1949年
99%
イギリス 1949年
98%
アメリカ 1949年
98%
ポルトガル 1949年
97%
ドイツ 1955年(1990年)
97%
フィンランド 2023年
97%
イタリア 1949年
96%
スペイン 1982年
96%
カナダ 1949年
94%
ノルウェー 1949年
94%
ポーランド 1999年
94%
ベルギー 1949年
93%
スウェーデン 2024年
93%
デンマーク 1949年
92%
オランダ 1949年
92%
ギリシャ 1952年
91%
スロバキア 2004年
89%
エストニア 2004年
87%
ラトビア 2004年
87%
リトアニア 2004年
87%
アイスランド 1949年
86%
トルコ 1952年
85%
チェコ 1999年
85%
ルクセンブルク 1949年
84%
ハンガリー 1999年
84%
スロベニア 2004年
84%
ブルガリア 2004年
82%
ルーマニア 2004年
82%
クロアチア 2009年
82%
アルバニア 2009年
66%
モンテネグロ 2017年
62%
北マケドニア 2020年
61%
No matching quizzes found
Score Distribution
Percent of People with Each Score
Percentile by Number Answered
Your Score History
You have not taken this quiz